[Event "Elit(Vasteras-Rockaden,Umea)"]
[Site "?"]
[Date "2007.03.18"]
[Round "11"]
[White "Lindgren, Fredrik"]
[Black "Eriksson, Johan"]
[Result "1-0"]
[WhiteElo "2278"]
[BlackElo "2448"]
[PlyCount "119"]
[EventDate "2007.??.??"]
[SourceDate "2007.03.20"]

1. e4 c5 2. Nf3 d6 3. d3 Nc6 4. g3 g6 5. Bg2 Bg7 6. O-O Nf6 7. c3 O-O 8. Re1
Bg4 9. h3 Bxf3 10. Qxf3 Rb8 11. a4 a6 12. Qd1 b5 13. axb5 axb5 14. d4 cxd4 15.
cxd4 e5 16. Be3 Nxd4 17. Bxd4 exd4 18. Qxd4 Re8 19. Qb4 d5 20. exd5 Rxe1+ 21.
Qxe1 Nxd5 22. Ra7 Rc8 23. Kh2 Nc7 24. Nc3 b4 25. Ne4 Bxb2 26. Qxb4 Rb8 27. Qc4
Ne6 28. h4 Qb6 29. Qa2 Qb3 30. Qxb3 Rxb3 31. Nd6 Ra3 32. Rxf7 Rd3 33. Rb7 Rxd6
34. Rxb2 Nf8 35. Bf1 Kg7 36. Bc4 h6 37. Rb7+ Rd7 38. Rb6 Nh7 39. Bb5 Rf7 40.
Kg2 Nf6 41. Bd3 Rd7 42. Bb1 g5 43. h5 Nxh5 44. Rg6+ Kf7 45. Rxh6 Nf6 46. Rh1
Rd2 47. Kf3 Rb2 48. Rc1 Rb3+ 49. Ke2 Rb2+ 50. Kf3 Rb3+ 51. Kg2 Rb2 52. Bf5 Nd5
53. Re1 Nf6 54. Re5 Rd2 55. g4 Rd6 56. Kg3 Nd5 57. Bc2 Nb4 58. Be4 Nd3 59. Rf5+
Ke7 60. Bxd3 1-0

[Event "Elit(Vasteras-Rockaden,Umea)"]
[Site "?"]
[Date "2007.03.18"]
[Round "11"]
[White "Eriksson, Jonas"]
[Black "Engman, Rickard"]
[Result "1-0"]
[WhiteElo "2352"]
[BlackElo "2298"]
[PlyCount "80"]
[EventDate "2007.??.??"]

1. d4 Nf6 2. Nf3 e6 3. Bg5 c5 4. e3 h6 5. Bh4 b6 6. Bd3 Bb7 7. O-O Be7 8. Nbd2
Nc6 9. c3 O-O 10. e4 cxd4 11. cxd4 Nb4 12. Bb1 Ba6 13. Re1 Nd3 14. Bxd3 Bxd3
15. Ne5 Ba6 16. Qa4 Bc8 17. Ndf3 g5 18. Bg3 Bb7 19. d5 exd5 20. exd5 Bxd5 21.
Nd4 Be6 22. Rad1 Qc8 23. Rc1 Qb7 24. h4 Rfc8 25. hxg5 hxg5 26. Nef3 Rxc1 27.
Rxc1 Rc8 28. Re1 Rc5 29. Be5 b5 30. Qd1 Ne4 31. Qd3 d5 32. Nb3 Rc8 33. Nfd4 a6
34. Nxe6 fxe6 35. Qh3 Kf7 36. Nd4 Qd7 37. Qh7+ Ke8 38. Qg8+ Bf8 39. f3 Nc5 40.
Nf5 Qf7 1-0

[Event "Elit(Vasteras-Rockaden,Umea)"]
[Site "?"]
[Date "2007.03.18"]
[Round "11"]
[White "Malmstig, Erik"]
[Black "Norberg, Johan"]
[Result "0-1"]
[WhiteElo "2315"]
[BlackElo "2349"]
[PlyCount "90"]
[EventDate "2007.??.??"]

1. d4 g6 2. Nf3 Bg7 3. g3 c5 4. d5 d6 5. Bg2 Nf6 6. O-O b5 7. a4 Bb7 8. Ne1 a6
9. c4 Nbd7 10. a5 Ne5 11. b3 bxc4 12. bxc4 O-O 13. Ra4 Rb8 14. Nc3 Bc8 15. f4
Neg4 16. h3 Ne8 17. Ne4 Nh6 18. Kh2 Bd7 19. Ra3 Rb4 20. Qc2 e6 21. Ng5 exd5 22.
Bxd5 Nf5 23. Nd3 Rb8 24. e3 h6 25. Ne4 Nc7 26. g4 Nxd5 27. cxd5 c4 28. Qxc4 Bb5
29. Qa2 Nxe3 30. Bxe3 Bxd3 31. Qg2 Bxf1 32. Qxf1 Rb2+ 33. Kg3 Re8 34. Kf3 Rb5
35. Qc4 Qe7 36. f5 gxf5 37. gxf5 Qe5 38. Bf4 Qxf5 39. Nxd6 Qxh3+ 40. Bg3 Qh5+
41. Kg2 Rb2+ 42. Bf2 Ree2 43. Rf3 Qg6+ 44. Kf1 Re1+ 45. Bxe1 Qg2# 0-1

[Event "Elit(Vasteras-Rockaden,Umea)"]
[Site "?"]
[Date "2007.03.18"]
[Round "11"]
[White "Eriksson, Anders"]
[Black "Forsberg, Viktor"]
[Result "0-1"]
[WhiteElo "2393"]
[BlackElo "2257"]
[PlyCount "108"]
[EventDate "2007.??.??"]

1. Nf3 d5 2. g3 Nf6 3. Bg2 c6 4. O-O Nbd7 5. d3 e5 6. Nc3 Bb4 7. a3 Ba5 8. Nd2
Nf8 9. e4 Ng6 10. exd5 cxd5 11. b4 Bb6 12. Na4 Bc7 13. c4 O-O 14. Qb3 d4 15.
Nc5 Rb8 16. a4 b6 17. Nce4 Ne8 18. Nf3 h6 19. Re1 f5 20. Ned2 Nf6 21. b5 Kh7
22. Ba3 Re8 23. Qb2 f4 24. c5 Bf5 25. Qb3 Be6 26. Nc4 fxg3 27. hxg3 Bd5 28.
cxb6 axb6 29. Nfd2 Bxg2 30. Kxg2 Nd5 31. Rh1 Qg5 32. Ne4 Qg4 33. Qd1 Qd7 34.
Bc1 Kg8 35. Qb3 Re6 36. Bd2 Rf8 37. a5 Qf7 38. Nxb6 Rxb6 39. axb6 Ne3+ 40. fxe3
Qxb3 41. bxc7 Qxd3 42. Nd6 Qxd2+ 43. Kh3 dxe3 44. Rhd1 Qe2 45. c8=Q Rxc8 46.
Nxc8 Qxb5 47. Nd6 Qd7+ 48. Kh2 e2 49. Rd2 Nf4 50. gxf4 Qg4 51. Ne4 Qh4+ 52. Kg2
e1=Q 53. Rxe1 Qxe1 54. Kf3 Qh1+ 0-1

[Event "Elit(Vasteras-Rockaden,Umea)"]
[Site "?"]
[Date "2007.03.18"]
[Round "11"]
[White "Mardell, Jimmy"]
[Black "Norberg, Erik"]
[Result "0-1"]
[WhiteElo "2248"]
[BlackElo "2262"]
[PlyCount "90"]
[EventDate "2007.??.??"]

1. e4 g6 2. d4 Bg7 3. Nc3 c6 4. Nf3 d5 5. Bf4 Bg4 6. exd5 cxd5 7. h3 Bxf3 8.
Qxf3 Nf6 9. Bb5+ Nc6 10. O-O O-O 11. Bxc6 bxc6 12. Be5 Nd7 13. Bxg7 Kxg7 14.
Rfe1 e6 15. Qf4 Qb8 16. Qxb8 Raxb8 17. b3 c5 18. Ne2 cxd4 19. Nxd4 Rfc8 20.
Rac1 e5 21. Nf3 f6 22. Nd2 Rc3 23. Re3 Rbc8 24. Rxc3 Rxc3 25. Nb1 Rc6 26. a4
Kf7 27. Na3 Ke6 28. f3 f5 29. Kf1 d4 30. Rd1 Nb6 31. Rd2 Nd5 32. Nc4 f4 33. g3
Ne3+ 34. Kg1 Nxc4 35. bxc4 fxg3 36. Kg2 Rxc4 37. a5 Kf5 38. Kxg3 Rc3 39. Re2 g5
40. Kg2 h5 41. Kf2 Ra3 42. c4 Rxa5 43. Rc2 Ra3 44. c5 Rc3 45. Ra2 Kf4 0-1

[Event "Elit(Vasteras-Rockaden,Umea)"]
[Site "?"]
[Date "2007.03.18"]
[Round "11"]
[White "Nilsson, Andre"]
[Black "Larsson, Johan"]
[Result "1/2-1/2"]
[WhiteElo "2309"]
[BlackElo "2136"]
[PlyCount "25"]
[EventDate "2007.??.??"]

1. g3 f5 2. Bg2 Nf6 3. Nf3 g6 4. O-O Bg7 5. c4 O-O 6. Nc3 d6 7. d3 h6 8. Rb1 e5
9. b4 Nc6 10. Nd2 g5 11. Nd5 Ne7 12. Nxf6+ Bxf6 13. Bb2 1/2-1/2

[Event "Elit(Vasteras-Rockaden,Umea)"]
[Site "?"]
[Date "2007.03.18"]
[Round "11"]
[White "Nygren, David"]
[Black "Wikstrom, Per"]
[Result "1/2-1/2"]
[WhiteElo "2194"]
[BlackElo "2164"]
[PlyCount "131"]
[EventDate "2007.??.??"]

1. e4 e6 2. d4 c5 3. c3 d5 4. exd5 exd5 5. Be3 c4 6. b3 cxb3 7. axb3 Nf6 8. h3
Nc6 9. Bd3 Bd6 10. Qf3 h6 11. Ne2 Qb6 12. Nd2 Ne7 13. O-O Ng6 14. Bxg6 fxg6 15.
c4 Qc6 16. Bf4 O-O 17. Bxd6 Qxd6 18. Qg3 Qxg3 19. fxg3 Be6 20. Nf4 Bf7 21. c5
g5 22. Nd3 Ne4 23. Nxe4 dxe4 24. Ne5 Bxb3 25. Rxf8+ Kxf8 26. Nd7+ Ke8 27. Nb6
Rd8 28. Rxa7 Rxd4 29. Rxb7 e3 30. Kf1 Bc4+ 31. Ke1 Ba6 32. Ra7 Bb5 33. Nc8 Kd8
34. Nd6 Rb4 35. Nxb5 Rxb5 36. Ke2 Rb2+ 37. Kxe3 Rxg2 38. Kf3 Rh2 39. Kg4 g6 40.
Rg7 h5+ 41. Kxg5 Rxh3 42. Kf4 h4 43. g4 Rc3 44. Ke5 h3 45. Rh7 g5 46. Kd6 Rd3+
47. Kc6 Rg3 48. Rh8+ Ke7 49. Kb7 Rxg4 50. Rxh3 Rb4+ 51. Kc7 Rc4 52. Re3+ Kf6
53. c6 g4 54. Kd7 Kf5 55. c7 Kf4 56. Rb3 Rc1 57. Rb1 Rc2 58. Rb4+ Kf3 59. Rb3+
Kf4 60. Rb6 Rxc7+ 61. Kxc7 g3 62. Kd6 g2 63. Rb1 Kf3 64. Ke5 Kf2 65. Rb2+ Kf3
66. Rxg2 1/2-1/2

[Event "Elit(Astorp-Rockaden,Sthlm)"]
[Site "?"]
[Date "2007.03.18"]
[Round "11"]
[White "Karlsson, Lars"]
[Black "Jakobsen, Ole"]
[Result "0-1"]
[WhiteElo "2531"]
[BlackElo "2380"]
[PlyCount "118"]
[EventDate "2007.??.??"]
[SourceDate "2007.03.20"]

1. c4 e5 2. g3 Nf6 3. Bg2 d5 4. cxd5 Nxd5 5. Nc3 Nb6 6. Nf3 Nc6 7. a3 a5 8. d3
Be7 9. Be3 O-O 10. O-O Be6 11. Bxb6 cxb6 12. Nd2 f6 13. Rc1 Qd7 14. Nc4 Bd8 15.
Qa4 Rf7 16. e3 Na7 17. Qc2 b5 18. Nd2 Rc8 19. Qb1 b6 20. d4 b4 21. axb4 axb4
22. Nce4 exd4 23. exd4 f5 24. Nf3 Rxc1 25. Rxc1 fxe4 26. Ne5 Qe7 27. Bxe4 g6
28. Nxf7 Bxf7 29. Qd3 Kg7 30. Bf3 Qf6 31. Kg2 b5 32. b3 Bb6 33. d5 Qd6 34. Qd2
Be8 35. h4 h5 36. Re1 Bd7 37. Qb2+ Kg8 38. Qb1 Kg7 39. Qa1+ Kg8 40. Qc1 Kg7 41.
Bxh5 Qxd5+ 42. Bf3 Bh3+ 43. Kxh3 Qxf3 44. Re7+ Kf8 45. Re5 Kf7 46. Qd2 Qh1+ 47.
Kg4 Qc6 48. Qf4+ Kg8 49. Qe4 Qxe4+ 50. Rxe4 Kf7 51. f4 Nc6 52. h5 gxh5+ 53.
Kxh5 Bd4 54. g4 Bc3 55. g5 Ne7 56. Kg4 Nd5 57. f5 Ne7 58. Re6 Nd5 59. Rd6 Ne3+
0-1

[Event "Elit(Astorp-Rockaden,Sthlm)"]
[Site "?"]
[Date "2007.03.18"]
[Round "11"]
[White "Sjodahl, Pontus"]
[Black "Hermansson, Emil"]
[Result "1/2-1/2"]
[WhiteElo "2474"]
[BlackElo "2545"]
[PlyCount "54"]
[EventDate "2007.??.??"]

1. d4 Nf6 2. c4 g6 3. f3 d5 4. cxd5 Nxd5 5. e4 Nb6 6. Nc3 Bg7 7. Be3 O-O 8. Qd2
Nc6 9. O-O-O f5 10. e5 Nb4 11. Bh6 Be6 12. Bxg7 Kxg7 13. Kb1 c5 14. dxc5 Na4
15. Nge2 Qxd2 16. Rxd2 Rad8 17. Nd4 Nxc5 18. Bb5 Bc8 19. Rhd1 a6 20. Bc4 b5 21.
a3 bxc4 22. axb4 Nd3 23. Nc6 Rd7 24. Na5 Nxe5 25. Rxd7 Nxd7 26. Nxc4 Rf6 27.
Kc2 Rc6 1/2-1/2

[Event "Elit(Astorp-Rockaden,Sthlm)"]
[Site "?"]
[Date "2007.03.18"]
[Round "11"]
[White "Nielsen, Peter Heine"]
[Black "Hoi, Carsten"]
[Result "1-0"]
[WhiteElo "2701"]
[BlackElo "2413"]
[PlyCount "83"]
[EventDate "2007.??.??"]

1. d4 Nf6 2. c4 g6 3. Nc3 Bg7 4. e4 d6 5. Nf3 O-O 6. Be2 e5 7. O-O Nc6 8. d5
Ne7 9. Ne1 Nd7 10. Be3 f5 11. f3 f4 12. Bf2 g5 13. Rc1 h5 14. c5 dxc5 15. Nd3
b6 16. b4 Ng6 17. bxc5 Nf6 18. Nb5 g4 19. cxb6 cxb6 20. Nc7 Rb8 21. Kh1 g3 22.
Bg1 gxh2 23. Bxh2 h4 24. Nf2 Nh5 25. Kg1 Ng3 26. Re1 Bf6 27. d6 Kh8 28. Ng4
Nxe2+ 29. Rxe2 Bxg4 30. fxg4 Qd7 31. Rd2 f3 32. gxf3 Bg5 33. Rd3 Bxc1 34. Qxc1
Nf4 35. Bxf4 Rxf4 36. Kh2 Rbf8 37. Nd5 Rxf3 38. Rxf3 Rxf3 39. Qh6+ Qh7 40.
Qxh7+ Kxh7 41. d7 Rf8 42. Nc7 1-0

[Event "Elit(Astorp-Rockaden,Sthlm)"]
[Site "?"]
[Date "2007.03.18"]
[Round "11"]
[White "Ivarsson, Stefan"]
[Black "Bator, Robert"]
[Result "1/2-1/2"]
[WhiteElo "2303"]
[BlackElo "2434"]
[PlyCount "67"]
[EventDate "2007.??.??"]

1. g3 d5 2. Bg2 c6 3. Nf3 Bg4 4. Ne5 Bf5 5. d4 Nd7 6. Nd3 Ngf6 7. O-O e6 8. Nd2
Qb6 9. Nf3 Bd6 10. c3 O-O 11. Nh4 Be4 12. f3 Bg6 13. Nxg6 hxg6 14. Qb3 Qc7 15.
e4 dxe4 16. fxe4 e5 17. Bg5 c5 18. dxe5 Nxe5 19. Nxe5 Bxe5 20. Qc4 b5 21. Qxb5
c4 22. Bxf6 gxf6 23. Rf2 Rab8 24. Qa4 Qc5 25. Qc2 Rb6 26. Rd1 Rfb8 27. Rd5 Qc6
28. Qc1 Qa4 29. a3 Kg7 30. Bf1 Qc6 31. Rc2 Bd6 32. Qd2 Be5 33. Qe2 Rc8 34. Rcd2
1/2-1/2

[Event "Elit(Astorp-Rockaden,Sthlm)"]
[Site "?"]
[Date "2007.03.18"]
[Round "11"]
[White "Olsson, Anders"]
[Black "Fagerstrom, Bjorn"]
[Result "1-0"]
[WhiteElo "2479"]
[BlackElo "2238"]
[PlyCount "85"]
[EventDate "2007.??.??"]

1. e4 c5 2. Nf3 Nc6 3. Nc3 g6 4. d4 cxd4 5. Nxd4 Bg7 6. Be3 Nf6 7. Bc4 Qa5 8.
O-O O-O 9. h3 Qb4 10. Bb3 Nxd4 11. a3 Qa5 12. Bxd4 d6 13. Nd5 Nxd5 14. exd5
Bxd4 15. Qxd4 Bd7 16. Rfe1 Rfe8 17. Re3 Qc5 18. Qh4 e5 19. dxe6 Bxe6 20. Rae1
d5 21. Rd1 Red8 22. Rd4 Rd6 23. Rc3 Qa5 24. Qh6 f6 25. Qf4 Qd8 26. Rf3 Bf7 27.
c4 Rc8 28. cxd5 Kg7 29. Qd2 Rc7 30. Rg3 Rcd7 31. h4 a6 32. h5 g5 33. h6+ Kxh6
34. f4 Kg7 35. fxg5 f5 36. Qf4 Bg6 37. Rc3 Qe7 38. Kh2 Qe2 39. Bd1 Qxb2 40.
Qe5+ Kf7 41. Rdc4 Qd2 42. Rc7 Kf8 43. Rc8+ 1-0

[Event "Elit(Astorp-Rockaden,Sthlm)"]
[Site "?"]
[Date "2007.03.18"]
[Round "11"]
[White "Tallinger, Thomas"]
[Black "Hedman, Erik"]
[Result "0-1"]
[WhiteElo "2222"]
[BlackElo "2410"]
[PlyCount "54"]
[EventDate "2007.??.??"]

1. e4 e6 2. d4 d5 3. Nc3 Nf6 4. Bg5 dxe4 5. Nxe4 Be7 6. Bxf6 Bxf6 7. Nf3 O-O 8.
Nxf6+ Qxf6 9. Bd3 c5 10. Qe2 cxd4 11. Qe4 g6 12. Nxd4 Rd8 13. Nf3 Qxb2 14. O-O
Nd7 15. Qh4 Qf6 16. Ng5 h5 17. Rae1 Nc5 18. Re3 Rd4 19. f4 Bd7 20. Qg3 Bc6 21.
Be2 Rd2 22. c3 Rxa2 23. Re5 Rd8 24. Rxc5 Rxe2 25. Nf3 Rd5 26. Rxd5 Bxd5 27. Nh4
Qxh4 0-1

[Event "Elit(Astorp-Rockaden,Sthlm)"]
[Site "?"]
[Date "2007.03.18"]
[Round "11"]
[White "Engqvist, Thomas"]
[Black "Petersson, Gosta"]
[Result "1-0"]
[WhiteElo "2429"]
[BlackElo "2126"]
[PlyCount "117"]
[EventDate "2007.??.??"]

1. c4 c6 2. Nf3 d5 3. e3 Nf6 4. Nc3 g6 5. d4 Bg7 6. Be2 O-O 7. O-O Nbd7 8. cxd5
cxd5 9. Bd2 Nb6 10. Ne5 Nfd7 11. Nxd7 Bxd7 12. Qb3 Bc6 13. Rfd1 e6 14. a4 Nc8
15. Na2 Nd6 16. Nb4 Bd7 17. Nd3 Re8 18. Nc5 Bc6 19. Be1 Bf8 20. Qa2 a5 21. Rac1
Rc8 22. Nd3 b6 23. Ne5 Bb7 24. b4 axb4 25. Bxb4 f6 26. Nf3 Qd7 27. Bxd6 Bxd6
28. Qb3 Bc6 29. Bb5 Bxb5 30. Qxb5 Qxb5 31. axb5 Ba3 32. Rxc8 Rxc8 33. g4 g5 34.
h4 h6 35. Kg2 Kg7 36. Ra1 Bd6 37. Ra6 Bc7 38. Ra7 Kf8 39. Ne1 Bd8 40. h5 Be7
41. Rb7 Bd8 42. Nd3 Bc7 43. Nb4 Ke7 44. Na6 Kd6 45. Nxc7 Rxc7 46. Rxb6+ Kd7 47.
Rb8 Rc8 48. Rb6 Rc1 49. Kf3 Rc2 50. Rb7+ Rc7 51. Rb8 Rc8 52. Rxc8 Kxc8 53. e4
Kb7 54. e5 fxe5 55. dxe5 Kb6 56. Ke2 Kxb5 57. f4 gxf4 58. g5 hxg5 59. h6 1-0

[Event "Elit(Astorp-Rockaden,Sthlm)"]
[Site "?"]
[Date "2007.03.18"]
[Round "11"]
[White "Bengtsson, Jan"]
[Black "Livner, Anders"]
[Result "0-1"]
[WhiteElo "2064"]
[BlackElo "2380"]
[PlyCount "96"]
[EventDate "2007.??.??"]

1. Nf3 c5 2. c3 d5 3. d4 e6 4. Bf4 Nc6 5. e3 Bd6 6. Bg3 Bxg3 7. hxg3 Qd6 8. Bb5
Nf6 9. Nbd2 O-O 10. Qc2 h6 11. Rh4 Ne7 12. Bd3 c4 13. Be2 Ng6 14. Rh1 b5 15. e4
dxe4 16. Nxe4 Nxe4 17. Qxe4 Rb8 18. a3 Bb7 19. Qe3 a5 20. Kf1 Qd5 21. Re1 Rfe8
22. Rd1 Rbd8 23. Rd2 Qc6 24. Ne1 Qc7 25. f4 Ne7 26. Kf2 Qb6 27. Bf3 Nf5 28. Qe2
Bd5 29. g4 Nd6 30. Qe3 Qc7 31. Re2 Qb8 32. Qe5 f6 33. Qh5 Nf7 34. g3 Qc8 35.
Rh2 Rf8 36. Re3 e5 37. Re2 Qa8 38. dxe5 fxe5 39. Bh1 exf4 40. gxf4 Bxh1 41.
Rxh1 Ng5 42. Re3 Rxf4+ 43. Ke2 Re4 44. Rf1 Rxe3+ 45. Kxe3 Qe4+ 46. Kf2 Rf8+ 47.
Kg1 Qe3+ 48. Kg2 Qe2+ 0-1